Todos los hombres del Presidente /

La investigación periodística más relevante de la historia, que destapó un entramado de corrupción, abuso de poder y juego sucio, y que provocó la dimisión del Presidente de Estados Unidos, Richard Nixon. Un clásico en el arte del reportaje político, escrito con el ritmo trepidante de un auténtico t...

Full description

Bibliographic Details
Main Author: Bernstein, Carl 1944-
Other Authors: Woodward, Bob 1943-
Format: Libro
Language:Spanish
Published: Barcelona Inédita 2005
Edition:1a. ed.
Series:Historia Inédita
Subjects:
Online Access:

MARC

LEADER 00000cam a2200000 a 4500
001 020883
003 UAHC_CL
005 20170803121930.0
008 090709s2005 sp 000 1 spa
020 |a 8496364380 
040 |a UAHC_CL  |c UAHC_CL  |d UAHC_CL 
082 0 4 |a 813  |b B531  |2 21 
100 1 |a Bernstein, Carl  |d 1944- 
245 1 0 |a Todos los hombres del Presidente /  |c Carl Bernstein y Bob Woodward ; [traducción de Joaquín Adsuar Ortega]. 
250 |a 1a. ed. 
260 |b Inédita  |a Barcelona  |c 2005 
300 |a 431 p. 
490 0 |a Historia Inédita 
520 |a La investigación periodística más relevante de la historia, que destapó un entramado de corrupción, abuso de poder y juego sucio, y que provocó la dimisión del Presidente de Estados Unidos, Richard Nixon. Un clásico en el arte del reportaje político, escrito con el ritmo trepidante de un auténtico thriller. 
521 |a Lectura de maestros del periodismo 
650 4 |a NOVELAS ESTADOUNIDENSES 
650 4 |a Asunto Watergate, 1972-1974 
653 |a PERIODISMO 
700 1 |a Woodward, Bob  |d 1943- 
900 |a 813 BER 
942 |c BK 
952 |0 0  |1 0  |4 0  |6 813_000000000000000_BER  |7 0  |8 General  |9 41698  |a BC  |b BC  |c General  |d 2017-08-03  |l 0  |o 813 BER  |p 1371783  |r 2025-11-26 00:00:00  |t 1  |w 2017-08-03  |y BK 
999 |c 20883  |d 20883